000 00555nam a2200193Ia 4500
001 6513
008 260427s9999 xx 000 0 und d
020 _a9780578825694
245 0 _aKolea and the King's Crown
_cAlice Guild
260 _aHonolulu;
_bOn the Wing Publishing;
_c2021
300 _a44p;
_c26x21cm
546 _aHawaiian; English
650 _aFolk literature
_99331
650 _aIndigenous societies
_99260
650 _aPN1-6790 Literature (General)
_921
651 _aHawaii
_92928
655 _aIllustrated volume
_99332
942 _cBK
999 _c6513
_d6513